000 00372nam a2200169Ia 4500
001 6974
003 IN-NITTTR
005 20251114233024.0
008 251113s9999||||xx |||||||||||||| ||eng||
040 _beng
040 _cIN-NITTTR
041 _aeng
082 _a823 B789W
100 _aBronte, Emily
245 0 _aWuthering heights /
_cBronte, Emily
942 _2ddc
_cBK
999 _c9612
_d9612